| 000 | 00719nam a2200181 a 4500 | ||
|---|---|---|---|
| 020 | _a0309037093 (pbk.) : | ||
| 082 | 0 | 0 |
_a625.7 s _a625.85 _bNAT _cDonation |
| 245 | 0 | 0 |
_aInfluence of asphalt temperature susceptibility on pavement construction and performance / _cJ.W. Button ... [et al.]. |
| 260 |
_aWashington, D.C. : _bTransportation Research Board, National Research Council, _c[1983] |
||
| 300 |
_a62 p. : _bill. ; _c28 cm. |
||
| 490 | 1 | _aNational Cooperative Highway Research Program report, | |
| 526 |
_a0 _b0 _c0 _d625_700000000000000_S_NAT |
||
| 650 | 0 |
_aAsphalt _xThermal properties. _943878 |
|
| 650 | 0 |
_aMCE _9379 |
|
| 650 | 0 |
_aPavements, Asphalt. _921213 |
|
| 700 | 1 |
_aButton, Joe W. _922005 |
|
| 942 |
_2ddc _cBK |
||
| 999 |
_c547739 _d547739 |
||